Landscape Development Of Muktai Temple Precinct At Narayangaon (Record no. 360968)

MARC details
000 -LEADER
fixed length control field 00291nam a2200097Ia 4500
008 - FIXED-LENGTH DATA ELEMENTS--GENERAL INFORMATION
fixed length control field 241105s9999 xx 000 0 und d
041 ## - LANGUAGE CODE
Language code of text/sound track or separate title eng
100 ## - MAIN ENTRY--PERSONAL NAME
Personal name Kolhe Kavita
9 (RLIN) 182677
245 ## - TITLE STATEMENT
Title Landscape Development Of Muktai Temple Precinct At Narayangaon
260 ## - PUBLICATION, DISTRIBUTION, ETC. (IMPRINT)
Name of publisher, distributor, etc. M Arch Landscape, Pune
Date of publication, distribution, etc. 2014

No items available.